Инструмент для высокопроизводительного и экологически чистого резания

Detalles Bibliográficos
Otros Autores: Андреев В. Н. Виктор Николаевич, Боровский Г. В. Георгий Владиславович, Боровский В. Г. Владислав Георгиевич, Григорьев С. Н. Сергей Николаевич
Sumario:Представлены результаты исследований эффективности применения новых инструментальных материалов (твердые сплавы и быстрорежущие стали, керамические материалы, сверхтвердые материалы) и износостойких покрытий для высокоскоростного резания. Приведены различные конструкции режущего инструмента для обработки тел вращения, плоскостей и отверстий, способствующие эффективному использованию режущего инструмента.В связи с ужесточением экологических требований к смазочно-охлаждающим технологическим средствам рекомендованы альтернативные способы улучшения условий в зоне стружкообразования. Для конструкторов инструмента, технологов, может быть полезна студентам втузов.
Lenguaje:ruso
Publicado: Москва, Машиностроение, 2010
Colección:Библиотека инструментальщика
Materias:
Formato: Libro
KOHA link:https://koha.lib.tpu.ru/cgi-bin/koha/opac-detail.pl?biblionumber=153211

MARC

LEADER 00000nam0a2200000 4500
001 153211
005 20231101221658.0
010 |a 9785942755711 
035 |a (RuTPU)RU\TPU\book\166218 
090 |a 153211 
100 |a 20090210d2010 km y0rusy50 ca 
101 0 |a rus 
102 |a RU 
105 |a a z 001zy 
200 1 |a Инструмент для высокопроизводительного и экологически чистого резания  |f В. Н. Андреев [и др.] 
210 |a Москва  |c Машиностроение  |d 2010 
215 |a 480 с.  |c ил. 
225 1 |a Библиотека инструментальщика 
320 |a Библиография в конце глав. 
330 |a Представлены результаты исследований эффективности применения новых инструментальных материалов (твердые сплавы и быстрорежущие стали, керамические материалы, сверхтвердые материалы) и износостойких покрытий для высокоскоростного резания. Приведены различные конструкции режущего инструмента для обработки тел вращения, плоскостей и отверстий, способствующие эффективному использованию режущего инструмента.В связи с ужесточением экологических требований к смазочно-охлаждающим технологическим средствам рекомендованы альтернативные способы улучшения условий в зоне стружкообразования. Для конструкторов инструмента, технологов, может быть полезна студентам втузов. 
606 1 |a Резание металлов, высокопроизводительное  |2 stltpush  |3 (RuTPU)RU\TPU\subj\24565  |9 48887 
610 1 |a материалы 
610 1 |a обработка 
610 1 |a методы 
610 1 |a машиностроительные предприятия 
610 1 |a инструментальные материалы 
610 1 |a режущие инструменты 
610 1 |a рабочие поверхности 
610 1 |a модификация 
610 1 |a покрытия 
610 1 |a конструкции 
610 1 |a стойкость 
675 |a 621.91.014.5  |v 3 
701 1 |a Андреев  |b В. Н.  |g Виктор Николаевич 
701 1 |a Боровский  |b Г. В.  |g Георгий Владиславович 
701 1 |a Боровский  |b В. Г.  |g Владислав Георгиевич 
701 1 |a Григорьев  |b С. Н.  |g Сергей Николаевич 
801 1 |a RU  |b 63413507  |c 20090210  |g PSBO 
801 2 |a RU  |b 63413507  |c 20150707  |g RCR 
942 |c BK 
959 |a 22/20090210  |d 2  |e 600,00  |f АНЛ:1  |f ЧЗТЛ:1 
959 |a 60/20100908  |d 2  |e 700,00  |f АНЛ:1  |f ЧЗТЛ:1